[Event "Siracusa op"]
[Site "Siracusa"]
[Date "2006.09.26"]
[Round "5"]
[White "Baio, Giuseppe"]
[Black "Gandolfo, Marco"]
[Result "1-0"]
[WhiteElo "1485"]
[BlackElo "2073"]
[PlyCount "93"]
[EventDate "2006.09.23"]
[EventType "swiss"]
[EventRounds "9"]
[EventCountry "ITA"]
[SourceTitle "EXT 2011"]
[Source "ChessBase"]
[SourceDate "2010.11.26"]
[SourceVersion "1"]
[SourceVersionDate "2010.11.26"]
[SourceQuality "1"]

1. d4 Nc6 2. Nf3 Nf6 3. c4 e6 4. Nc3 Bd6 5. e4 e5 6. c5 exd4 7. cxd6 dxc3 8. dxc7 Qxc7 9. bxc3 Nxe4 10. Qe2 d5 11. Ng5 Qa5 12. Nxe4 Ne5 13. Qb5+ Qxb5 14. Bxb5+ Bd7 15. Bxd7+ Nxd7 16. Nd6+ Ke7 17. Nf5+ Kf8 18. 0-0 Rc8 19. Bb2 Rc6 20. Rfe1 Re6 21. Ba3+ Kg8 22. Ne7+ Kf8 23. Ng6+ Kg8 24. Nxh8 Kxh8 25. h3 Kg8 26. Rad1 Nb6 27. c4 Nxc4 28. Rxe6 fxe6 29. Bc5 Nb2 30. Rb1 Nc4 31. Rxb7 e5 32. Rxa7 d4 33. Kf1 e4 34. Bxd4 Nd6 35. a4 Nc8 36. Rc7 Nd6 37. Rxg7+ Kh8 38. Rd7+ Kg8 39. Rxd6 Kf7 40. a5 Ke7 41. Bc5 e3 42. a6 exf2 43. a7 h5 44. a8Q h4 45. Qb7+ Ke8 46. Be3 Kf8 47. Rd8# 1-0

[Event "Siracusa op"]
[Site "Siracusa"]
[Date "2006.09.24"]
[Round "2"]
[White "Gandolfo, Marco"]
[Black "Monica, Vincenzo"]
[Result "0-1"]
[WhiteElo "2073"]
[BlackElo "1523"]
[PlyCount "104"]
[EventDate "2006.09.23"]
[EventType "swiss"]
[EventRounds "9"]
[EventCountry "ITA"]
[SourceTitle "EXT 2011"]
[Source "ChessBase"]
[SourceDate "2010.11.26"]
[SourceVersion "1"]
[SourceVersionDate "2010.11.26"]
[SourceQuality "1"]

1. e4 e5 2. Bc4 Nf6 3. Nf3 Nc6 4. Ng5 d5 5. exd5 Na5 6. Bb5+ c6 7. dxc6 bxc6 8. Ba4 h6 9. Nf3 e4 10. Ne5 Qd5 11. f4 exf3 12. Qxf3 Qxe5+ 13. Qe2 Qxe2+ 14. Kxe2 Bg4+ 15. Ke1 Bd7 16. d3 Bb4+ 17. c3 Bd6 18. b4 Nb7 19. c4 Be5 20. d4 Bxd4 21. b5 cxb5 22. cxb5 Bxa1 23. Bf4 Nc5 24. Bd1 Nd3+ 25. Kd2 Nxf4 26. Bf3 Rd8 27. Re1+ Ne6 28. Kc2 0-0 29. Na3 Nd4+ 30. Kb1 Nxf3 31. gxf3 Bc3 32. Rc1 Bf5+ 33. Nc2 Bxc2+ 34. Rxc2 Rd1+ 35. Rc1 Rxc1+ 36. Kxc1 Rc8 37. a4 Be5+ 38. Kb1 Bxh2 39. a5 Nd5 40. a6 Nc3+ 41. Kb2 Nxb5 42. f4 Rc3 43. f5 Bf4 44. Ka2 Rd3 45. Kb2 Nd4 46. Kb1 Rc3 47. Kb2 Rb3+ 48. Ka2 Bc1 49. f6 Rb5 50. Ka1 Ne2 51. Ka2 Nc3+ 52. Ka1 Ra5# 0-1

[Event "SEMI A041 email"]
[Site "SEMI email"]
[Date "2003.03.15"]
[Round "?"]
[White "Dould, John"]
[Black "Gandolfo, Marco"]
[Result "1/2-1/2"]
[WhiteElo "1960"]
[BlackElo "2150"]
[PlyCount "44"]
[EventDate "2003.03.15"]
[EventType "tourn (corr)"]
[EventRounds "6"]
[EventCountry "ITA"]
[SourceTitle "Corr 2008"]
[Source "ChessBase"]
[SourceDate "2008.06.24"]
[SourceVersion "1"]
[SourceVersionDate "2008.06.24"]
[SourceQuality "1"]

1. d4 b6 2. c4 Bb7 3. Nc3 e6 4. a3 Nf6 5. Nf3 Be7 6. d5 0-0 7. e4 exd5 8. cxd5 Re8 9. Bd3 Bf8 10. 0-0 g6 11. Bf4 Bg7 12. Re1 d6 13. Rc1 Nbd7 14. Qd2 a6 15. b4 Qe7 16. Ne2 Rac8 17. Ned4 Ne5 18. Bxe5 dxe5 19. Nc6 Qd6 20. a4 Nh5 21. g3 Nf6 22. h3 Nd7 1/2-1/2

[Event "IECG CB.2002.0.00038 email"]
[Site "IECG email"]
[Date "2002.04.24"]
[Round "?"]
[White "Ellis, Aidan"]
[Black "Gandolfo, Marco"]
[Result "0-1"]
[WhiteElo "1800"]
[BlackElo "1960"]
[PlyCount "38"]
[EventDate "2002.04.24"]
[EventType "tourn (corr)"]
[EventRounds "6"]
[SourceTitle "Corr 2008"]
[Source "ChessBase"]
[SourceDate "2008.06.24"]
[SourceVersion "1"]
[SourceVersionDate "2008.06.24"]
[SourceQuality "1"]

1. e4 e6 2. d4 d6 3. Nf3 Nd7 4. Be3 Ne7 5. Nbd2 g6 6. h4 h6 7. h5 g5 8. Bc4 Bg7 9. Qe2 a6 10. c3 b5 11. Bb3 Bb7 12. Kf1 Nf6 13. e5 Nfd5 14. Kg1 dxe5 15. dxe5 Nxe3 16. Qxe3 Nd5 17. Qe4 Rb8 18. Qd4 Nf4 19. Qe3 Qd3 0-1

[Event "IECG CB.2002.0.00038 email"]
[Site "IECG email"]
[Date "2002.04.24"]
[Round "?"]
[White "Gandolfo, Marco"]
[Black "Gloth, Gerrit"]
[Result "0-1"]
[WhiteElo "1960"]
[BlackElo "1850"]
[PlyCount "36"]
[EventDate "2002.04.24"]
[EventType "tourn (corr)"]
[EventRounds "6"]
[SourceTitle "Corr 2008"]
[Source "ChessBase"]
[SourceDate "2008.06.24"]
[SourceVersion "1"]
[SourceVersionDate "2008.06.24"]
[SourceQuality "1"]

1. e4 Nf6 2. e5 Nd5 3. Qf3 e6 4. Bc4 Nc6 5. Qg3 Nd4 6. Kd1 Nf5 7. Qg4 d6 8. exd6 Bxd6 9. d3 Bc5 10. Nh3 0-0 11. Re1 Nf6 12. Qf3 Nd4 13. Qg3 b5 14. Bb3 Bb7 15. Ng5 a5 16. Be3 h6 17. Bxd4 Bxd4 18. c3 hxg5 0-1

[Event "IECG CB.2002.0.00038 email"]
[Site "IECG email"]
[Date "2002.04.24"]
[Round "?"]
[White "Gandolfo, Marco"]
[Black "Milde, Lars"]
[Result "0-1"]
[WhiteElo "1960"]
[BlackElo "1878"]
[PlyCount "46"]
[EventDate "2002.04.24"]
[EventType "tourn (corr)"]
[EventRounds "6"]
[SourceTitle "Corr 2008"]
[Source "ChessBase"]
[SourceDate "2008.06.24"]
[SourceVersion "1"]
[SourceVersionDate "2008.06.24"]
[SourceQuality "1"]

1. e4 e5 2. d4 exd4 3. f4 Nc6 4. Nf3 Bb4+ 5. Nbd2 Nf6 6. Bd3 d5 7. e5 Ng4 8. Qe2 0-0 9. a3 Ba5 10. 0-0 f6 11. b4 Bb6 12. b5 Na5 13. Re1 fxe5 14. fxe5 Be6 15. Bb2 Nc4 16. Bxd4 Nxd2 17. Qxd2 Rxf3 18. Bxh7+ Kxh7 19. gxf3 Bxd4+ 20. Qxd4 Nh6 21. Kh1 Nf5 22. Qg4 Qe7 23. f4 d4 0-1

[Event "IECG CB.2002.0.00037 email"]
[Site "IECG email"]
[Date "2002.04.12"]
[Round "?"]
[White "Koloskov, Alexander"]
[Black "Gandolfo, Marco"]
[Result "1-0"]
[WhiteElo "1810"]
[BlackElo "1960"]
[PlyCount "57"]
[EventDate "2002.04.12"]
[EventType "tourn (corr)"]
[EventRounds "6"]
[SourceTitle "Corr 2008"]
[Source "ChessBase"]
[SourceDate "2008.06.24"]
[SourceVersion "1"]
[SourceVersionDate "2008.06.24"]
[SourceQuality "1"]

1. e4 a6 2. d4 h6 3. Nf3 d6 4. Be2 e6 5. 0-0 Ne7 6. e5 dxe5 7. Nxe5 g6 8. c3 Bg7 9. Bf4 Nd5 10. Bg3 Ne7 11. Bf3 Nf5 12. Qb3 Ra7 13. Na3 Nxg3 14. fxg3 0-0 15. Rae1 Nd7 16. Nac4 Qe7 17. Nd3 Kh7 18. Na5 Re8 19. Bc6 Rf8 20. Be4 c5 21. dxc5 Nxc5 22. Qa3 b6 23. Nc6 Qc7 24. Nxc5 bxc5 25. Nxa7 Qxa7 26. Rd1 f5 27. Bf3 e5 28. Rd5 e4 29. Be2 1-0

[Event "IECC CL2-2002.10"]
[Site "IECC email"]
[Date "2002.04.04"]
[Round "?"]
[White "Hess, John"]
[Black "Gandolfo, Marco"]
[Result "1/2-1/2"]
[WhiteElo "1932"]
[BlackElo "2054"]
[PlyCount "61"]
[EventDate "2002.??.??"]
[EventType "tourn (corr)"]
[EventRounds "4"]
[SourceTitle "Corr 2008"]
[Source "ChessBase"]
[SourceDate "2008.06.24"]
[SourceVersion "1"]
[SourceVersionDate "2008.06.24"]
[SourceQuality "1"]

1. Nf3 d6 2. g3 Nd7 3. Bg2 e5 4. d3 Be7 5. 0-0 Ngf6 6. e4 Nf8 7. c3 Ng6 8. Re1 c6 9. Na3 0-0 10. Nc4 Qc7 11. a4 a5 12. Be3 Nd7 13. Qb3 Nc5 14. Qc2 Be6 15. Ncd2 f5 16. exf5 Bxf5 17. Bxc5 dxc5 18. h4 Bf6 19. h5 Nh8 20. Ne4 Be7 21. Re3 Nf7 22. Rae1 Rad8 23. Ned2 Bf6 24. Nc4 Rfe8 25. Ncd2 Bg4 26. Ne4 Be7 27. Qb3 h6 28. Qc4 Qc8 29. Qb3 Qc7 30. Ned2 Bf6 31. Nc4 1/2-1/2

[Event "LSS RB-2002-0-00011"]
[Site "LSS email"]
[Date "2002.04.03"]
[Round "?"]
[White "Gandolfo, Marco"]
[Black "Starace, Umberto"]
[Result "0-1"]
[WhiteElo "1960"]
[BlackElo "1947"]
[PlyCount "66"]
[EventDate "2002.04.03"]
[EventType "tourn (corr)"]
[EventRounds "6"]
[EventCountry "GER"]
[SourceTitle "Corr 2024"]
[Source "ChessBase"]
[SourceDate "2023.10.19"]
[SourceVersion "1"]
[SourceVersionDate "2023.10.19"]
[SourceQuality "1"]

1. a3 Nf6 2. g3 e5 3. d3 d5 4. Bg2 Nc6 5. Nd2 Bd6 6. h3 Be6 7. e3 Qd7 8. Ne2 h6 9. b3 d4 10. e4 g5 11. b4 a5 12. b5 Na7 13. a4 c6 14. Nc4 Bxc4 15. dxc4 Qe6 16. h4 g4 17. Qd3 Nd7 18. Qb3 Bb4+ 19. c3 Nc5 20. Qa2 dxc3 21. 0-0 Nc8 22. Be3 Nb6 23. Bxc5 Bxc5 24. Rfc1 0-0 25. Nxc3 Rad8 26. Rab1 Rd4 27. bxc6 bxc6 28. Ne2 Rd3 29. Rxb6 Bxb6 30. Qb1 Rd2 31. Qxb6 Rxe2 32. Rd1 Qf6 33. Qc5 Rd8 0-1

[Event "LSS RB-2002-0-00011"]
[Site "LSS email"]
[Date "2002.04.03"]
[Round "?"]
[White "Novoa, Ruben Fernando"]
[Black "Gandolfo, Marco"]
[Result "1/2-1/2"]
[WhiteElo "1860"]
[BlackElo "1960"]
[PlyCount "104"]
[EventDate "2002.04.03"]
[EventType "tourn (corr)"]
[EventRounds "6"]
[EventCountry "GER"]
[SourceTitle "Corr 2024"]
[Source "ChessBase"]
[SourceDate "2023.10.19"]
[SourceVersion "1"]
[SourceVersionDate "2023.10.19"]
[SourceQuality "1"]

1. d4 g6 2. c4 Bg7 3. Nc3 d6 4. e4 Nd7 5. Nf3 e6 6. Be2 Ne7 7. Be3 a6 8. Qd2 h6 9. 0-0 b6 10. Rfe1 Bb7 11. Rad1 g5 12. Qc2 Ng6 13. b4 Qf6 14. c5 bxc5 15. bxc5 g4 16. Nd2 dxc5 17. Nc4 cxd4 18. Bxd4 Nde5 19. Nxe5 Nxe5 20. Na4 0-0 21. Nc5 Bc8 22. Bxg4 Qh4 23. Be2 Rd8 24. g3 Qe7 25. Nb3 Ng6 26. Qc6 Bd7 27. Qxc7 Bb5 28. Qxe7 Nxe7 29. f4 Bxe2 30. Rxe2 e5 31. fxe5 Nc6 32. Red2 Nxd4 33. Nxd4 Bxe5 34. Nf5 Rxd2 35. Rxd2 Kh7 36. Kf2 Re8 37. Ke3 Re6 38. g4 Kg6 39. h4 h5 40. gxh5+ Kxh5 41. Rd7 Rc6 42. Rxf7 Rc3+ 43. Kd2 Ra3 44. Rh7+ Kg6 45. Rh6+ Kf7 46. Rb6 Rxa2+ 47. Kd3 a5 48. h5 a4 49. h6 Rh2 50. Rb5 Bb2 51. Ra5 a3 52. Ra6 Rh3+ 1/2-1/2

[Event "LSS RB-2002-0-00011"]
[Site "LSS email"]
[Date "2002.04.03"]
[Round "?"]
[White "Soobik, Marek"]
[Black "Gandolfo, Marco"]
[Result "1-0"]
[WhiteElo "1800"]
[BlackElo "1960"]
[PlyCount "70"]
[EventDate "2002.04.03"]
[EventType "tourn (corr)"]
[EventRounds "6"]
[EventCountry "GER"]
[SourceTitle "Corr 2024"]
[Source "ChessBase"]
[SourceDate "2023.10.19"]
[SourceVersion "1"]
[SourceVersionDate "2023.10.19"]
[SourceQuality "1"]

1. e4 g6 2. d4 Bg7 3. Nc3 d6 4. Be3 a6 5. f4 Nd7 6. Be2 b5 7. e5 Nh6 8. Bf3 Rb8 9. Qe2 0-0 10. 0-0-0 Nb6 11. g4 f5 12. g5 Ng4 13. Bd2 dxe5 14. dxe5 b4 15. Be1 bxc3 16. Rxd8 cxb2+ 17. Kxb2 Rxd8 18. Kc1 Bf8 19. a3 Be6 20. Qxa6 Bc4 21. Qa7 e6 22. Bb4 Bxb4 23. axb4 Bd5 24. Bxd5 Nxd5 25. Nf3 Nge3 26. Re1 Ng2 27. Rd1 Ngxf4 28. Qf2 c5 29. Qxc5 Ne2+ 30. Kb2 Nec3 31. Ra1 Ne4 32. Qa5 Ne3 33. Kb3 Rdc8 34. Qa7 Nd5 35. c4 Rxc4 1-0

[Event "SEMI The Climb UCO engl/0/2"]
[Site "SEMI email"]
[Date "2002.01.15"]
[Round "?"]
[White "Escalante, Robert"]
[Black "Gandolfo, Marco"]
[Result "0-1"]
[WhiteElo "2000"]
[BlackElo "2150"]
[PlyCount "54"]
[EventDate "2002.01.??"]
[EventType "tourn (corr)"]
[EventRounds "9"]
[EventCountry "ITA"]
[SourceTitle "Corr 2008"]
[Source "ChessBase"]
[SourceDate "2008.06.24"]
[SourceVersion "1"]
[SourceVersionDate "2008.06.24"]
[SourceQuality "1"]

1. d4 e5 2. dxe5 Nc6 3. Nf3 Nge7 4. e4 h6 5. Bf4 Ng6 6. Bg3 h5 7. Qd2 h4 8. Bf4 f6 9. Nc3 Ngxe5 10. Nxe5 fxe5 11. Bg5 Be7 12. Bxe7 Qxe7 13. Nd5 Qd8 14. 0-0-0 d6 15. Bb5 a6 16. Ba4 Bd7 17. f4 b5 18. Bb3 Nd4 19. fxe5 dxe5 20. Rhf1 Bg4 21. Qf2 Qg5+ 22. Kb1 0-0-0 23. Rxd4 exd4 24. Qxd4 Kb8 25. Qc5 Qe5 26. a4 Qd6 27. Nb4 Rh6 0-1

[Event "IECG CB.2001.0.00020 email"]
[Site "IECG email"]
[Date "2001.11.22"]
[Round "?"]
[White "Perez, Maria Jose"]
[Black "Gandolfo, Marco"]
[Result "1-0"]
[WhiteElo "1835"]
[BlackElo "1960"]
[PlyCount "21"]
[EventDate "2001.11.22"]
[EventType "tourn (corr)"]
[EventRounds "6"]
[SourceTitle "Corr 2008"]
[Source "ChessBase"]
[SourceDate "2008.06.24"]
[SourceVersion "1"]
[SourceVersionDate "2008.06.24"]
[SourceQuality "1"]

1. e4 e6 2. d4 d6 3. Nc3 Nd7 4. Nf3 Ne7 5. Bf4 Ng6 6. Bg3 Be7 7. h4 0-0 8. h5 Nh8 9. h6 g5 10. Bc4 Ng6 11. Qd3 1-0

[Event "IECG QB.2001.0.00007"]
[Site "IECG email"]
[Date "2001.11.12"]
[Round "?"]
[White "Marshall, Michael J"]
[Black "Gandolfo, Marco"]
[Result "1-0"]
[WhiteElo "1857"]
[BlackElo "1960"]
[PlyCount "33"]
[EventDate "2001.11.12"]
[EventType "tourn (corr)"]
[EventRounds "6"]
[SourceTitle "Corr 2008"]
[Source "ChessBase"]
[SourceDate "2008.06.24"]
[SourceVersion "1"]
[SourceVersionDate "2008.06.24"]
[SourceQuality "1"]

1. d4 d6 2. c4 e6 3. Nc3 Nd7 4. Nf3 Ne7 5. e4 g6 6. Bg5 h6 7. Be3 Bg7 8. Qd2 a6 9. Be2 b6 10. 0-0 Bb7 11. d5 e5 12. Ne1 f5 13. f3 Nf6 14. Nd3 f4 15. Bf2 0-0 16. b4 a5 17. a3 1-0